Interdisciplinarita v péči o kulturní dědictví : sborník z konference /

Korporativní autor: Univerzita Pardubice. Fakulta restaurování
Další autoři: Interdisciplinarita v péči o kulturní dědictví, Hečková, Petra, 1979-, Horák, Petr, 1984 duben 16.-, Machačko, Luboš, 1974-, Interdisciplinarita v péči o kulturní dědictví
Jazyk: Čeština
Angličtina
Vydáno: Pardubice : Univerzita Pardubice, 2013
Vydání: Vyd. 1.
Témata:
Fyzický popis: 277 s. : il. (převážně barev.), portréty, faksim. ; 24 cm
Language note: Část. anglický text, česká a anglická resumé
Knihy
Uloženo v:
LEADER 02715nam a2200613 a 4500
001 nkc20132536550
003 CZ PrNK
005 20140505083956.0
007 ta
008 131219s2013 xr ach f 100 0 cze
015 |a cnb002536550 
020 |a 978-80-7395-594-6  |q (brož.) 
035 |a (OCoLC)879564197 
040 |a BOA001  |b cze  |d ABA001 
041 0 |a cze  |a eng  |b cze  |b eng 
043 |a e-xr--- 
072 7 |a 7.01/.09  |x Umění  |2 Konspekt  |9 21 
080 |a 719  |2 MRF 
080 |a 001.83  |2 MRF 
080 |a 7.025.3/.4  |2 MRF 
080 |a (437.3)  |2 MRF 
080 |a (062.534)  |2 MRF 
080 |a (082.2)  |2 MRF 
111 2 |a Interdisciplinarita v péči o kulturní dědictví  |n (1. :  |d 2012 :  |c Litomyšl, Česko)  |7 kn20140409002 
245 1 0 |a Interdisciplinarita v péči o kulturní dědictví :  |b sborník z konference /  |c [editoři Petra Hečková, Petr Horák, Luboš Machačko] 
250 |a Vyd. 1. 
260 |a Pardubice :  |b Univerzita Pardubice,  |c 2013 
300 |a 277 s. :  |b il. (převážně barev.), portréty, faksim. ;  |c 24 cm 
500 |a Z 1. a 2. roč. konference pořádané v Litomyšli Fakultou restaurování Univerzity Pardubice ve dnech 26.-27. dubna 2012 a 23.-24. května 2013 
504 |a Obsahuje bibliografie a bibliografické odkazy 
546 |a Část. anglický text, česká a anglická resumé 
610 2 7 |a Univerzita Pardubice.  |b Fakulta restaurování  |7 pag2009420264  |2 czenas 
650 0 7 |a památková péče  |7 ph123918  |z Česko  |2 czenas 
650 0 7 |a památková péče  |7 ph123918  |x interdisciplinární aspekty  |2 czenas 
650 0 7 |a restaurování památek  |7 ph135827  |2 czenas 
650 0 7 |a restaurování památek  |7 ph135827  |z Česko  |2 czenas 
650 0 9 |a historic preservation  |z Czechia  |2 eczenas 
650 0 9 |a historic preservation  |x interdisciplinary aspects  |2 eczenas 
650 0 9 |a antiquities restoration  |2 eczenas 
650 0 9 |a antiquities restoration  |z Czechia  |2 eczenas 
655 7 |a sborníky konferencí  |7 fd133333  |2 czenas 
655 7 |a jubilejní publikace  |7 fd131839  |2 czenas 
655 9 |a proceedings of conferences  |2 eczenas 
655 9 |a jubilee books  |2 eczenas 
700 1 |a Hečková, Petra,  |d 1979-  |7 mzk2008442919  |4 edt 
700 1 |a Horák, Petr,  |d 1984 duben 16.-  |7 jo2014801917  |4 edt 
700 1 |a Machačko, Luboš,  |d 1974-  |7 jo2014815956  |4 edt 
710 2 |a Univerzita Pardubice.  |b Fakulta restaurování  |7 pag2009420264 
711 2 |a Interdisciplinarita v péči o kulturní dědictví  |n (2. :  |d 2013 :  |c Litomyšl, Česko)  |7 kn20130627007 
910 2 |a BOA001  |b 2-1323.668 
990 |a BK 
995 |a 01 
991 |b 201404  |c NOV  |e n 
996 6 |b 2610586174  |c 2-1323.668  |l MZK  |r Sklad / do 1 hodiny  |n 5  |p p.v.  |w 001411285  |u 000010  |a 1  |e BOA001  |j MZK50  |s P